Resumen de la historia de Chile

Shranjeno v:
Bibliografske podrobnosti
Main Authors: Encina, Francisco Antonio (Author), Castedo, Leopoldo (Author)
Format: Knjiga
Jezik:španščina
Izdano: Santiago Zig-Zag 1954
Teme:
Oznake: Označite
Brez oznak, prvi označite!

MARC

LEADER 00000nam a2200000 a 4500
001 UCO8507
003 CL-VaPUC
008 001207e19540000CL |||||||||||||||||spa|d
082 0 4 |a 983  |b ENC  |2 21 
100 |a Encina, Francisco Antonio  |e author  |9 515542 
700 0 |a Castedo, Leopoldo  |e author  |9 453452 
245 1 0 |a Resumen de la historia de Chile 
300 |a 3 v 
942 |c BK 
945 |d 20001207 00:00:00  |a lriquelm 
260 |a Santiago  |b Zig-Zag  |c 1954 
500 |a Donación del Sr. Antonio Estévez Arrué 
650 0 |a Historia de Chile  |9 265473 
650 7 |a COLONIA  |2 CL-VaPUC  |9 453453 
650 7 |a REAL AUDIENCIA  |2 CL-VaPUC  |9 440301 
650 0 |a Guerra de Arauco  |9 267618 
650 0 |a Independencia de Chile  |9 440305 
650 7 |a RECONQUISTA  |2 CL-VaPUC  |9 396400 
650 0 |a República autocrática   |9 430760 
650 7 |a REPUBLICA LIBERAL  |2 CL-VaPUC  |9 440354 
650 0 |a Guerra del Pacífico  |9 314886 
650 7 |a GUERRA CIVIL DE 1891  |2 CL-VaPUC  |9 408173 
651 7 |a CHILE  |2 CL-VaPUC  |9 453454 
583 |a last modification  |c 20001207 00:00:00  |k Rodrigo Vera 
999 |c 293122  |d 293120 
952 |0 0  |1 0  |4 0  |6 983_000000000000000_ENC_1954  |7 0  |8 F  |9 344352  |a BIBARQ  |b BIBARQ  |d 2019-11-20  |h v.1  |i 1232487  |o 983 ENC 1954  |p 1232487  |r 2025-01-20  |w 2019-11-20  |y BK_F  |k ARQ 
952 |0 0  |1 0  |4 0  |6 983_000000000000000_ENC_1954  |7 0  |8 F  |9 344353  |a BIBARQ  |b BIBARQ  |d 2019-11-20  |h v.2  |i 1232495  |l 1  |m 3  |o 983 ENC 1954  |p 1232495  |r 2025-01-20  |s 2023-06-13  |w 2019-11-20  |y BK_F  |k ARQ 
952 |0 0  |1 0  |4 0  |6 983_000000000000000_ENC_1954  |7 0  |8 F  |9 344354  |a BIBARQ  |b BIBARQ  |d 2019-11-20  |h v.3  |i 1232509  |o 983 ENC 1954  |p 1232509  |r 2025-01-20  |w 2019-11-20  |y BK_F  |k ARQ 
952 |0 0  |1 0  |4 0  |6 983_000000000000000_ENC_1954  |7 0  |8 X  |9 344355  |a FDOBUD  |b FDOBUD  |d 2019-11-20  |h v.1  |i 4719018  |o 983 ENC 1954  |p 4719018  |r 2019-11-20  |w 2019-11-20  |y BK_X  |k BUD 
952 |0 0  |1 0  |4 0  |6 983_000000000000000_ENC_1954  |7 0  |8 X  |9 344356  |a FDOBUD  |b FDOBUD  |d 2019-11-20  |h v.2  |i 4719026  |o 983 ENC 1954  |p 4719026  |r 2019-11-20  |w 2019-11-20  |y BK_X  |k BUD 
952 |0 0  |1 0  |4 0  |6 983_000000000000000_ENC_1954  |7 0  |8 X  |9 344357  |a FDOBUD  |b FDOBUD  |d 2019-11-20  |h v.3  |i 4719034  |o 983 ENC 1954  |p 4719034  |r 2019-11-20  |w 2019-11-20  |y BK_X  |k BUD